000 00277nam a2200109Ia 4500
001 1276000
005 20260417160439.0
008 260417s9999 xx 000 0 und d
020 _a9786257303446
245 0 _aMasal Krallığı - Sina
_cDidem Demirel
260 _bKetebe Çocuk
999 _c1276000
_d1276000